| 000 | 00000nam 2200000zi 4500 |
| 001 | 9.944789 |
| 003 | CaOODSP |
| 005 | 20250618114023 |
| 006 | m o d f |
| 007 | cr mn||||||||| |
| 008 | 241104t20242023quca o f000 0 fre d |
| 020 | |a9780660743103 |
| 040 | |aCaOODSP|bfre|erda|cCaOODSP |
| 043 | |an-cn--- |
| 086 | 1 |aEn4-756/2024F-PDF |
| 245 | 00|aPoints saillants de la mobilisation des jeunes : |bvers un cadre national pour l'apprentissage environnemental. |
| 264 | 1|aGatineau (Québec) : |bEnvironnement et changement climatique Canada = Environment and Climate Change Canada, |c[2024]. |
| 264 | 4|c©2023 |
| 300 | |a1 ressource en ligne (8 pages) : |billustrations |
| 336 | |atexte|btxt|2rdacontent/fre |
| 337 | |ainformatique|bc|2rdamedia/fre |
| 338 | |aressource en ligne|bcr|2rdacarrier/fre |
| 500 | |aTitre de la couverture. |
| 500 | |aPublié aussi en anglais sous le titre : Highlights of youth engagement: toward a national framework for environmental learning. |
| 520 | |a« Entre mai et juillet 2024, Environnement et Changement climatique Canada (ECCC) a invité les jeunes de partout au Canada à se prononcer sur ce à quoi devrait ressembler un cadre national pour l’apprentissage environnemental (CNAE) et sur ses répercussions. En réponse, plus de 300 jeunes passionnés ont exprimé leurs pensées et leurs sentiments sur le paysage de l’apprentissage environnemental » -- La mobilisation des jeunes en bref, page 3. |
| 650 | 6|aÉducation environnementale|zCanada. |
| 650 | 6|aSciences de l'environnement|zCanada. |
| 650 | 6|aEnvironnement|xPolitique gouvernementale|zCanada|xParticipation des citoyens. |
| 650 | 6|aJeunesse|zCanada. |
| 710 | 1 |aCanada. |bEnvironnement et changement climatique Canada, |eorganisme de publication. |
| 775 | 08|tHighlights of youth engagement : |w(CaOODSP)9.944788 |
| 856 | 40|qPDF|s3.03 Mo|uhttps://publications.gc.ca/collections/collection_2024/eccc/en4/En4-756-2024-fra.pdf |
| 856 | 4 |qHTML|sS.O.|uhttps://www.canada.ca/fr/environnement-changement-climatique/organisation/transparence/consultations/cadre-national-sensibilisation-environnement/points-saillants.html |
| 986 | |aEC24057 |